<?xml version="1.0" encoding="UTF-8"?>
<marc:record xmlns:marc="http://www.loc.gov/MARC21/slim">
   <marc:leader>00000nam a2200000 a 4500</marc:leader>
   <marc:datafield ind1="1" ind2=" " tag="100">
      <marc:subfield code="a">Henning, Simone</marc:subfield>
      <marc:subfield code="4">aut</marc:subfield>
      <marc:subfield code="e">Verfasser/-in</marc:subfield>
   </marc:datafield>
   <marc:datafield ind1=" " ind2=" " tag="653">
      <marc:subfield code="a">Tonies</marc:subfield>
   </marc:datafield>
   <marc:datafield ind1="0" ind2="0" tag="245">
      <marc:subfield code="a">Alea Aquarius [Tonies]</marc:subfield>
   </marc:datafield>
   <marc:datafield ind1="0" ind2="0" tag="245">
      <marc:subfield code="b">Die Magie der Nixen</marc:subfield>
   </marc:datafield>
   <marc:datafield ind1=" " ind2="1" tag="264">
      <marc:subfield code="b">Oetinger </marc:subfield>
      <marc:subfield code="c">2018</marc:subfield>
   </marc:datafield>
   <marc:datafield ind1="1" ind2=" " tag="520">
      <marc:subfield code="a">Hörbuch ab 5 Jahren
Alea Aquarius – Die spannenden Meermädchen-Abenteuer von Tanya Stewner und Simone Hennig rund um Alea, Sammy und Lennox gibt es nun auch für Hörerinnen und Hörer ab 5 Jahren.
Die Magie der Nixen – Sammy wird vermisst! Ben, Alea und Lennox machen sich in der magischen Unterwasserwelt sofort auf die Suche. Als sie seine Kamera zwischen umhertreibendem Plastikmüll finden, machen sie sich große Sorgen. </marc:subfield>
   </marc:datafield>
   <marc:datafield ind1="3" ind2=" " tag="024">
      <marc:subfield code="a">4251192104359</marc:subfield>
   </marc:datafield>
</marc:record>
